| 000 | 01124nam a22003257a 4500 | ||
|---|---|---|---|
| 001 | BR7200687 | ||
| 003 | BR-BrBNA | ||
| 005 | 20230928083809.0 | ||
| 007 | ta | ||
| 008 | 230509b bl.||||| |||| 00| 0 por d | ||
| 040 |
_aBR-BrBNA _bpor _cBiblioteca Nacional de Agricultura |
||
| 041 | _a(Por) | ||
| 072 |
_aF00; E15; E70 _b1300 _b1530 _b1850 _b/G514 |
||
| 090 | _ 1300 BR7200687 | ||
| 110 | 1 | _aSuperintendencia do Desenvolvimento do Estado do Ceara, Fortaleza (Brasil). Depto. de Recursos Naturais. Div. de Experimentacao Agropecuaria | |
| 245 | 1 | _aEstudo sobre producao e comercializacao de hortalicas na Regiao de Baturite, Ceara [Brasil] | |
| 260 | 3 |
_aFortaleza, CE (Brasil): _c1972. |
|
| 300 | _a56 p. | ||
| 500 | _aSummary (Por). (*) Documento disponível na(o) Superintendencia do Desenvolvimento do Estado do Ceara, Fortaleza (Brazil) | ||
| 650 | _aPRATICA CULTURAL | ||
| 650 | _aTOMATE | ||
| 650 | _aCENOURA | ||
| 650 | _aNUTRICAO VEGETAL | ||
| 650 | _aINDUSTRIA AGRICOLA | ||
| 650 | _aHORTALICA | ||
| 650 | _aBATURITE | ||
| 650 | _aCEARA | ||
| 909 |
_a202309 _bLucia _c55 _dLucia Elande |
||
| 942 | _cBK | ||
| 999 |
_c15281 _d15281 |
||